000 00520nam a2200181 i 4500
001 123840
003 ES-MaACL
005 20250830063101.0
007 t|
008 070214s1971 sp r ||||1| spa d
100 1 _aCosta Clavell, Xavier,
_d1923-2006
_941089
245 1 0 _aTodo sobre perros /
_cFélix Quirós de Rueda [seud.].
260 _aBarcelona :
_bRodegar,
_c1971.
300 _a124 p. ;
_c17 cm.
650 4 _aPerros.
_9150938
852 _aES-MaACL
_jC-44984
_bR.80178
999 _c123840
_d123840